000 00317nam a2200121Ia 4500
005 20251222141922.0
008 251222s9999||||xx |||||||||||||| ||spa||
082 _a337.109.85/F43
100 _aFerrari, César A.
245 0 _aCrecimiento Económico e Integración
264 _bFundacion Friedrich Ebert
942 _cLIB
999 _c8742
_d8742